[Event "2015 British Chess Championships: Championship"]
[Site "University of Warwick, Coventry, Warwickshire"]
[Date "2015.08.03"]
[Round "7"]
[Board "28"]
[White "Grieve, Harry"]
[Black "Jarmany, John"]
[Result "1-0"]
[WhiteElo "1899"]
[BlackElo "2036"]
[PlyCount "85"]
[EventDate "2015.07.27"]
[EventRounds "11"]
[EventCountry "ENG"]

1. d4 d5 2. Bg5 c5 3. e4 dxe4 4. d5 h6 5. Be3 e5 6. c4 Bd6 7. Nc3 Bf5 8. Nge2
Bg6 9. g4 Nd7 10. Ng3 Ngf6 11. Bg2 Qa5 12. O-O Nb6 13. Qe2 Qb4 14. Nb5 Rd8 15.
b3 Qa5 16. Bd2 Qa6 17. Bxe4 Nxe4 18. Nxe4 Bxe4 19. Nxd6+ Rxd6 20. Qxe4 O-O 21.
Qxe5 Rg6 22. h3 Nd7 23. Qg3 Nf6 24. Rfe1 Kh7 25. f4 Ne8 26. f5 Rd6 27. h4 b5
28. Qc3 Qb6 29. Bf4 Rd7 30. g5 Nd6 31. Qd3 bxc4 32. bxc4 Qb4 33. Bxd6 Rxd6 34.
Rab1 Qa5 35. f6+ g6 36. Re7 h5 37. Rbb7 Rb6 38. Rxf7+ Rxf7 39. Rxf7+ Kh8 40.
Qe4 Rb8 41. Rh7+ Kxh7 42. Qe7+ Kh8 43. Qg7# 1-0

[Event "2015 British Chess Championships: Championship"]
[Site "University of Warwick, Coventry, Warwickshire"]
[Date "2015.08.03"]
[Round "7"]
[Board "29"]
[White "Okhai, Shabir"]
[Black "Edge, John"]
[Result "1-0"]
[WhiteElo "1994"]
[BlackElo "2080"]
[PlyCount "59"]
[EventDate "2015.07.27"]
[EventRounds "11"]
[EventCountry "ENG"]

1. e4 c5 2. Nf3 d6 3. d4 cxd4 4. Nxd4 Nf6 5. Nc3 g6 6. Be3 Bg7 7. f3 Nc6 8. Qd2
O-O 9. g4 Be6 10. Nxe6 fxe6 11. O-O-O Ne5 12. Be2 b5 13. Nxb5 Rb8 14. Nd4 Qc8
15. Kb1 d5 16. g5 Nfd7 17. f4 Nc5 18. fxe5 Nxe4 19. Qd3 Nc3+ 20. Ka1 Nxd1 21.
Rxd1 Bxe5 22. Bg4 Rb6 23. c3 Kh8 24. Nf3 Bg7 25. Bxb6 axb6 26. Nd4 Rf4 27. Bxe6
Qc5 28. Qb5 Bxd4 29. Qe8+ Kg7 30. Qg8# 1-0

[Event "2015 British Chess Championships: Championship"]
[Site "University of Warwick, Coventry, Warwickshire"]
[Date "2015.08.03"]
[Round "7"]
[Board "30"]
[White "Zhu, Richard"]
[Black "Peacock, Malcolm R"]
[Result "1-0"]
[WhiteElo "1869"]
[BlackElo "2123"]
[PlyCount "74"]
[EventDate "2015.07.27"]
[EventRounds "11"]
[EventCountry "ENG"]

1. d4 Nf6 2. Bg5 e6 3. e3 c5 4. c3 d5 5. Bd3 Nc6 6. Nd2 h6 7. Bh4 e5 8. dxe5
Nxe5 9. Be2 Be7 10. Ngf3 Ng6 11. Bxf6 Bxf6 12. Nb3 b6 13. Bb5+ Bd7 14. Bxd7+
Qxd7 15. Qc2 O-O 16. O-O Rad8 17. Rad1 Qe6 18. Rd2 Rd7 19. Rfd1 Rfd8 20. a3 Ne5
21. Nxe5 Bxe5 22. g3 a5 23. Nc1 Bf6 24. Ne2 Qg4 25. Kg2 g6 26. h3 Qc4 27. Qd3
Qxd3 28. Rxd3 g5 29. g4 Be5 30. Ng3 Bxg3 31. Kxg3 Kf8 32. f4 Ke7 33. Kf3 Ke6
34. a4 f5 35. gxf5+ Kxf5 36. Rxd5+ Rxd5 37. Rxd5+ Rxd5 1-0

[Event "2015 British Chess Championships: Championship"]
[Site "University of Warwick, Coventry, Warwickshire"]
[Date "2015.08.03"]
[Round "7"]
[Board "31"]
[White "Ashworth, Michael"]
[Black "Burnett, Jim"]
[Result "0-1"]
[WhiteElo "1912"]
[BlackElo "2091"]
[PlyCount "64"]
[EventDate "2015.07.27"]
[EventRounds "11"]
[EventCountry "ENG"]

1. d4 d5 2. c4 e6 3. Nc3 Nf6 4. cxd5 exd5 5. Bg5 Be7 6. e3 c6 7. Bd3 Nbd7 8.
Qc2 O-O 9. Nge2 Re8 10. O-O Nf8 11. Rae1 Nh5 12. Bxe7 Qxe7 13. Nd1 Be6 14. f3
Rac8 15. Kh1 b6 16. Nec3 c5 17. Qf2 Nf6 18. e4 dxe4 19. Nxe4 Nxe4 20. Rxe4 cxd4
21. Qxd4 Red8 22. Qe3 Qd6 23. Nf2 Bf5 24. Ba6 Rc2 25. Re5 Be6 26. a4 Rxb2 27.
a5 Nd7 28. Rg5 Nc5 29. Be2 f6 30. Rd1 Rd2 31. Rxd2 Qxd2 32. Qxd2 Rxd2 0-1

[Event "2015 British Chess Championships: Championship"]
[Site "University of Warwick, Coventry, Warwickshire"]
[Date "2015.08.03"]
[Round "7"]
[Board "32"]
[White "Myall, Ivan J"]
[Black "Slade, Theodore"]
[Result "0-1"]
[WhiteElo "2048"]
[BlackElo "1962"]
[PlyCount "118"]
[EventDate "2015.07.27"]
[EventRounds "11"]
[EventCountry "ENG"]

1. e4 e6 2. d4 d5 3. e5 c5 4. c3 Nc6 5. Be3 Nge7 6. Bd3 Qb6 7. Qd2 cxd4 8. cxd4
Nf5 9. Bxf5 exf5 10. Ne2 Be6 11. Nbc3 Be7 12. O-O O-O 13. Rac1 Na5 14. b3 Ba3
15. Rcd1 Rac8 16. Qd3 Qa6 17. Qxa6 bxa6 18. Bc1 Bb4 19. Bb2 Rc7 20. Rc1 Rfc8
21. Na4 Rc2 22. Rxc2 Rxc2 23. Nf4 Bd7 24. Rc1 Rxc1+ 25. Bxc1 Bc6 26. Nd3 Be7
27. Bd2 Bxa4 28. Bxa5 Bc6 29. Bc7 g5 30. a4 f4 31. Bd6 Bd8 32. Bc5 Bb6 33. Nb4
Bb7 34. Nc2 a5 35. b4 Bc6 36. b5 Bd7 37. Kf1 Bf5 38. Ne1 Bb1 39. Ke2 Ba2 40.
Nd3 Bb3 41. Nb2 Kg7 42. Kd3 Kg6 43. Kc3 Ba2 44. Kc2 Kf5 45. Bxb6 axb6 46. f3 h5
47. Kd2 g4 48. Ke2 Bb3 49. Kd3 Kg5 50. Ke2 Kh4 51. Kf2 g3+ 52. hxg3+ fxg3+ 53.
Ke3 Kg5 54. f4+ Kg4 55. Kd2 h4 56. f5 Kxf5 57. Ke3 Bc2 58. Ke2 Ke4 59. Kf1 Kxd4
 0-1

[Event "2015 British Chess Championships: Championship"]
[Site "University of Warwick, Coventry, Warwickshire"]
[Date "2015.08.03"]
[Round "7"]
[Board "33"]
[White "Paterson, Andrew I"]
[Black "Ilett, Raymond J"]
[Result "1-0"]
[WhiteElo "2039"]
[BlackElo "1886"]
[PlyCount "55"]
[EventDate "2015.07.27"]
[EventRounds "11"]
[EventCountry "ENG"]

1. e4 d5 2. exd5 Nf6 3. d4 Nxd5 4. Nf3 g6 5. Be2 Bg7 6. O-O O-O 7. Re1 Nc6 8.
c3 Bf5 9. Na3 Re8 10. Bb5 Bg4 11. Nc4 Bxf3 12. Qxf3 Nxd4 13. cxd4 c6 14. Ne5
Bxe5 15. Rxe5 Nf6 16. Bf1 Qxd4 17. Re1 Rad8 18. Qb3 Ng4 19. Qf3 Rd5 20. Re4
Nxh2 21. Kxh2 Rh5+ 22. Qxh5 Qxe4 23. Qe2 Qh4+ 24. Kg1 Rd8 25. g3 Qf6 26. Be3
Rd4 27. Rd1 Rxd1 28. Qxd1 1-0

[Event "2015 British Chess Championships: Championship"]
[Site "University of Warwick, Coventry, Warwickshire"]
[Date "2015.08.03"]
[Round "7"]
[Board "34"]
[White "Menadue, Jeremy F S"]
[Black "Wager, John D"]
[Result "1-0"]
[WhiteElo "2042"]
[BlackElo "2117"]
[PlyCount "47"]
[EventDate "2015.07.27"]
[EventRounds "11"]
[EventCountry "ENG"]

1. d4 d5 2. Nf3 Nf6 3. c4 c6 4. Nc3 e6 5. e3 Nbd7 6. Qc2 Bd6 7. b3 O-O 8. Bb2
b6 9. Bd3 Bb7 10. O-O-O a5 11. Kb1 Qe7 12. Rhe1 Rfc8 13. e4 dxe4 14. Nxe4 Nxe4
15. Rxe4 a4 16. c5 bxc5 17. dxc5 Bc7 18. Rg4 g6 19. Bxg6 hxg6 20. Rxg6+ Kf8 21.
Rh6 Ke8 22. Rh4 Nf8 23. Bg7 axb3 24. axb3 1-0

[Event "2015 British Chess Championships: Championship"]
[Site "University of Warwick, Coventry, Warwickshire"]
[Date "2015.08.03"]
[Round "7"]
[Board "35"]
[White "Page, Mark E"]
[Black "Willow, Jonah B"]
[Result "0-1"]
[WhiteElo "2096"]
[BlackElo "1918"]
[PlyCount "122"]
[EventDate "2015.07.27"]
[EventRounds "11"]
[EventCountry "ENG"]

1. e4 e6 2. d4 d5 3. exd5 exd5 4. Nf3 Bg4 5. h3 Bh5 6. Qe2+ Ne7 7. g4 Bg6 8.
Nc3 Nbc6 9. Bf4 Nb4 10. Rc1 a6 11. Bg2 f6 12. O-O Qd7 13. a3 Nbc6 14. b4 Bf7
15. b5 Na5 16. Nd2 g5 17. Bg3 h5 18. Nb3 Nxb3 19. cxb3 hxg4 20. hxg4 Be6 21.
Bf3 Kf7 22. Rfe1 Rc8 23. bxa6 bxa6 24. Na4 Ng6 25. Qxa6 Bxg4 26. Bxg4 Qxg4 27.
Qxc8 Qxc8 28. Rxc7+ Qxc7 29. Bxc7 Bxa3 30. Nb6 Nh4 31. Ra1 Bb2 32. Rb1 Bxd4 33.
Nxd5 Ke6 34. Ne3 Nf3+ 35. Kg2 Nd2 36. Rd1 Bxe3 37. fxe3 Nxb3 38. Rd6+ Ke7 39.
Rd5 Rc8 40. Bg3 Rc2+ 41. Kf3 Nd2+ 42. Ke2 Nb3+ 43. Kf3 Rc4 44. Bd6+ Ke6 45. Rd3
Nc5 46. Bxc5 Rxc5 47. Rd4 Kf5 48. Ra4 Ke5 49. Re4+ Kf5 50. Ra4 Re5 51. Rb4 g4+
52. Kf2 Kg5 53. Rb3 Kh4 54. Rb1 g3+ 55. Kf3 Rf5+ 56. Kg2 Rf2+ 57. Kg1 Re2 58.
Rf1 Kh3 59. Rxf6 Re1+ 60. Rf1 Rxf1+ 61. Kxf1 Kh2 0-1

[Event "2015 British Chess Championships: Championship"]
[Site "University of Warwick, Coventry, Warwickshire"]
[Date "2015.08.03"]
[Round "7"]
[Board "36"]
[White "Garnett, John S"]
[Black "Rice, Chris B"]
[Result "1/2-1/2"]
[WhiteElo "1984"]
[BlackElo "2015"]
[PlyCount "61"]
[EventDate "2015.07.27"]
[EventRounds "11"]
[EventCountry "ENG"]

1. c4 c6 2. g3 d5 3. Bg2 Nf6 4. Nf3 e6 5. O-O Nbd7 6. b3 Bd6 7. d4 O-O 8. Bb2
Re8 9. Nc3 a5 10. e3 Qe7 11. Rc1 Ba3 12. Bxa3 Qxa3 13. Qc2 Qd6 14. Rfd1 h6 15.
e4 Nxe4 16. Nxe4 dxe4 17. Qxe4 Qa3 18. Qc2 a4 19. Nd2 Nf6 20. Ne4 Nxe4 21. Bxe4
axb3 22. axb3 Qb4 23. Ra1 Bd7 24. Rxa8 Rxa8 25. d5 exd5 26. cxd5 cxd5 27. Bxd5
Bg4 28. f3 Be6 29. Bxe6 Qb6+ 30. Kg2 Qxe6 31. Rd2 1/2-1/2

[Event "2015 British Chess Championships: Championship"]
[Site "University of Warwick, Coventry, Warwickshire"]
[Date "2015.08.03"]
[Round "7"]
[Board "37"]
[White "Brozel, Sacha"]
[Black "Lentzos, Ioanis"]
[Result "0-1"]
[WhiteElo "1976"]
[BlackElo "2019"]
[PlyCount "86"]
[EventDate "2015.07.27"]
[EventRounds "11"]
[EventCountry "ENG"]

1. d4 d5 2. c4 c6 3. Nf3 Nf6 4. e3 Bf5 5. Nc3 e6 6. Nh4 Bg6 7. Bd2 Nbd7 8. Nxg6
hxg6 9. Bd3 Bd6 10. h3 g5 11. e4 dxe4 12. Nxe4 Nxe4 13. Bxe4 Nf6 14. Bf3 Rh4
15. g4 Bf4 16. Bxf4 gxf4 17. g5 Qa5+ 18. Qd2 Qxd2+ 19. Kxd2 Nd7 20. Rae1 O-O-O
21. Kc3 Re8 22. Bg4 c5 23. Re4 cxd4+ 24. Rxd4 f5 25. gxf6 gxf6 26. Re1 Nf8 27.
Rxf4 Rh8 28. Rd4 Kc7 29. f4 Rh7 30. c5 Rhe7 31. h4 Rg7 32. f5 e5 33. Rde4 Nd7
34. b4 Reg8 35. Bh5 Rg3+ 36. Kc4 Ra3 37. Bg6 a6 38. b5 axb5+ 39. Kxb5 Rga8 40.
Kc4 Kc6 41. Rb1 R8a4+ 42. Rb4 b5+ 43. cxb6 Nxb6# 0-1

[Event "2015 British Chess Championships: Championship"]
[Site "University of Warwick, Coventry, Warwickshire"]
[Date "2015.08.04"]
[Round "8"]
[Board "1"]
[White "Pert, Nicholas"]
[Black "Gormally, Daniel W"]
[Result "1/2-1/2"]
[WhiteElo "2562"]
[BlackElo "2484"]
[PlyCount "43"]
[EventDate "2015.07.27"]
[EventRounds "11"]
[EventCountry "ENG"]

1. d4 Nf6 2. Nf3 e6 3. c4 Bb4+ 4. Bd2 c5 5. Bxb4 cxb4 6. a3 Qe7 7. e3 bxa3 8.
Rxa3 d6 9. b4 b6 10. Be2 Bb7 11. O-O O-O 12. Nbd2 a6 13. Ne1 Nc6 14. Nc2 e5 15.
Re1 h6 16. Qb1 Qc7 17. Bf1 Ne7 18. c5 bxc5 19. bxc5 dxc5 20. dxe5 Ne4 21. Nxe4
Bxe4 22. f3 1/2-1/2

[Event "2015 British Chess Championships: Championship"]
[Site "University of Warwick, Coventry, Warwickshire"]
[Date "2015.08.04"]
[Round "8"]
[Board "3"]
[White "Arkell, Keith C"]
[Black "Summerscale, Aaron P"]
[Result "1-0"]
[WhiteElo "2502"]
[BlackElo "2416"]
[PlyCount "65"]
[EventDate "2015.07.27"]
[EventRounds "11"]
[EventCountry "ENG"]

1. d4 d5 2. c4 c6 3. Nf3 Nf6 4. Nc3 a6 5. e3 e6 6. a4 c5 7. cxd5 exd5 8. Be2
Nc6 9. O-O Bd6 10. b3 cxd4 11. Nxd4 Qe7 12. Bb2 O-O 13. Bf3 Qe5 14. g3 Bh3 15.
Re1 Rfd8 16. Nxd5 Nxd4 17. Bxd4 Qe6 18. Nxf6+ gxf6 19. Bxb7 Rab8 20. Qf3 Be5
21. b4 Bg4 22. Qh1 Bxd4 23. exd4 Qb6 24. Bf3 Bxf3 25. Qxf3 Rxd4 26. Rac1 Rxb4
27. Rc6 Qa5 28. Rxf6 Rxa4 29. Re7 Ra1+ 30. Kg2 Qb5 31. Kh3 Qf1+ 32. Kh4 Qh1 33.
Rg6+ 1-0

[Event "2015 British Chess Championships: Championship"]
[Site "University of Warwick, Coventry, Warwickshire"]
[Date "2015.08.04"]
[Round "8"]
[Board "4"]
[White "Williams, Simon K"]
[Black "Hebden, Mark L"]
[Result "1-0"]
[WhiteElo "2426"]
[BlackElo "2500"]
[PlyCount "157"]
[EventDate "2015.07.27"]
[EventRounds "11"]
[EventCountry "ENG"]

1. d4 Nf6 2. c4 g6 3. Nc3 Bg7 4. e4 d6 5. Nf3 O-O 6. Be2 e5 7. d5 Na6 8. Nd2 h5
9. a3 c5 10. Nf3 Nh7 11. h4 f5 12. exf5 Bxf5 13. Nd2 Nf6 14. Nf1 Qd7 15. Ng3 e4
16. Bg5 Rae8 17. Qd2 Ng4 18. Bxg4 Bxg4 19. O-O Nc7 20. a4 Bf5 21. Rae1 a6 22.
a5 b5 23. axb6 Na8 24. Ncxe4 Nxb6 25. b3 Bxe4 26. Rxe4 Be5 27. f4 Bd4+ 28. Kh2
Rxe4 29. Nxe4 Nc8 30. Re1 Kg7 31. Ng3 Re8 32. Rxe8 Qxe8 33. Qa5 Qd7 34. Qxa6
Ne7 35. Ne4 Nf5 36. Qc6 Qa7 37. Qa4 Qc7 38. Qa8 Qd7 39. Qd8 Qxd8 40. Bxd8 Kf7
41. g3 Ke8 42. Ba5 Kd7 43. Bd2 Be3 44. Bxe3 Nxe3 45. Kh3 Ke7 46. Kh2 Nf5 47.
Kg2 Nd4 48. g4 hxg4 49. Kg3 Nxb3 50. Kxg4 Nd4 51. h5 gxh5+ 52. Kxh5 Nf5 53. Kg6
Nh4+ 54. Kg5 Nf3+ 55. Kg4 Nh2+ 56. Kh5 Nf3 57. Kg4 Nh2+ 58. Kg3 Nf1+ 59. Kf2
Nh2 60. Ke2 Ng4 61. Ng3 Kf6 62. Kf3 Nh2+ 63. Ke4 Ng4 64. Kf3 Nh2+ 65. Kf2 Ng4+
66. Ke2 Nh2 67. Ne4+ Ke7 68. f5 Ng4 69. Kd3 Nf6 70. Ke3 Nd7 71. Kf4 Nb6 72. f6+
Kf7 73. Kf5 Nxc4 74. Ng5+ Kf8 75. Ke6 Ne5 76. Kxd6 Nd3 77. Ne6+ Kf7 78. Nxc5
Nf2 79. Kc7 1-0

[Event "2015 British Chess Championships: Championship"]
[Site "University of Warwick, Coventry, Warwickshire"]
[Date "2015.08.04"]
[Round "8"]
[Board "5"]
[White "Emms, John M"]
[Black "Ward, Chris G"]
[Result "1-0"]
[WhiteElo "2460"]
[BlackElo "2423"]
[PlyCount "79"]
[EventDate "2015.07.27"]
[EventRounds "11"]
[EventCountry "ENG"]

1. e4 c5 2. c3 Nf6 3. e5 Nd5 4. Nf3 e6 5. Bc4 Nb6 6. Bb3 d6 7. exd6 Bxd6 8. d4
cxd4 9. cxd4 Bd7 10. O-O Bc6 11. Nc3 O-O 12. Be3 N8d7 13. Qe2 Qf6 14. Rac1 Rac8
15. Rfd1 Bf4 16. Bxf4 Qxf4 17. Qe3 Qxe3 18. fxe3 Nd5 19. Nxd5 Bxd5 20. Kf2 Rfd8
21. Ke2 Kf8 22. g3 Ke7 23. Nd2 Nf6 24. Rc3 Ne4 25. Nxe4 Bxe4 26. Rdc1 Rxc3 27.
Rxc3 Kd6 28. Bc2 Bxc2 29. Rxc2 Rd7 30. Kd3 Rc7 31. Rxc7 Kxc7 32. g4 Kd6 33. e4
f6 34. h4 e5 35. d5 g6 36. g5 f5 37. exf5 gxf5 38. h5 Kxd5 39. g6 e4+ 40. Ke2
 1-0

[Event "2015 British Chess Championships: Championship"]
[Site "University of Warwick, Coventry, Warwickshire"]
[Date "2015.08.04"]
[Round "8"]
[Board "6"]
[White "Batchelor, Peter J"]
[Black "Flear, Glenn C"]
[Result "1/2-1/2"]
[WhiteElo "2304"]
[BlackElo "2450"]
[PlyCount "105"]
[EventDate "2015.07.27"]
[EventRounds "11"]
[EventCountry "ENG"]

1. d4 d5 2. c4 dxc4 3. e3 e5 4. Bxc4 exd4 5. exd4 Bd6 6. Nf3 Nf6 7. O-O O-O 8.
h3 h6 9. Qc2 Nc6 10. a3 Ne7 11. Nc3 c6 12. Ne5 Ned5 13. Bd2 Be6 14. Rad1 Re8
15. Rfe1 Qc7 16. Nxd5 Bxd5 17. Bxd5 Nxd5 18. Ng4 Nf4 19. Qf5 Ng6 20. Qh5 Bf4
21. Bc3 Rad8 22. Rxe8+ Rxe8 23. d5 Rd8 24. g3 Bxg3 25. Bxg7 Bxf2+ 26. Kf1 Be3
27. d6 Qb6 28. Bf6 Rd7 29. Re1 Qa6+ 30. Re2 Qxe2+ 31. Kxe2 Nf4+ 32. Kxe3 Nxh5
33. Be7 f6 34. Nxh6+ Kg7 35. Nf5+ Kg6 36. Ke4 Kg5 37. b4 Kg6 38. a4 Kf7 39. a5
Ng7 40. Nxg7 Kxg7 41. Kf5 Kf7 42. h4 b6 43. axb6 axb6 44. h5 Rxe7 45. dxe7 Kxe7
46. Kg6 Kf8 47. Kxf6 c5 48. h6 Kg8 49. bxc5 bxc5 50. Ke5 Kh7 51. Kd5 Kxh6 52.
Kc4 Kg7 53. Kxc5 1/2-1/2

[Event "2015 British Chess Championships: Championship"]
[Site "University of Warwick, Coventry, Warwickshire"]
[Date "2015.08.04"]
[Round "8"]
[Board "7"]
[White "Storey, Charles H"]
[Black "Pert, Richard G"]
[Result "1/2-1/2"]
[WhiteElo "2245"]
[BlackElo "2440"]
[PlyCount "148"]
[EventDate "2015.07.27"]
[EventRounds "11"]
[EventCountry "ENG"]

1. d4 e6 2. c4 d5 3. g3 Nf6 4. Bg2 dxc4 5. Nf3 Bb4+ 6. Bd2 c5 7. Bxb4 cxb4 8.
Ne5 O-O 9. Nxc4 Nc6 10. e3 e5 11. Bxc6 bxc6 12. dxe5 Qxd1+ 13. Kxd1 Ng4 14. Ke1
f6 15. Nbd2 Nxe5 16. Nxe5 fxe5 17. Rc1 Be6 18. Nc4 e4 19. h3 Rf5 20. b3 Raf8
21. Nd2 Rxf2 22. Rxc6 Bd7 23. Rc5 Rg2 24. Rf1 Rxf1+ 25. Nxf1 Bxh3 26. Nd2 Rxg3
27. Rb5 Rxe3+ 28. Kf2 Rd3 29. Nxe4 h6 30. Ke2 Rd4 31. Ke3 Rd3+ 32. Ke2 Rd7 33.
Rxb4 Bf5 34. Nc5 Re7+ 35. Kf3 g5 36. a4 Kg7 37. a5 h5 38. a6 Kf6 39. Rb7 Bg4+
40. Kf2 Bc8 41. b4 Bxb7 42. axb7 Re8 43. Nd7+ Ke7 44. b8=Q Rxb8 45. Nxb8 Kd6
46. Kg3 Kc7 47. Na6+ Kb6 48. Nb8 Kc7 49. Na6+ Kb7 50. Nc5+ Kb6 51. Ne6 Kb5 52.
Nxg5 Kxb4 53. Ne6 Kc4 54. Kf3 a5 55. Ke3 h4 56. Nf4 Kb3 57. Nd3 Kc4 58. Nc1 a4
59. Kf3 Kc3 60. Kg4 Kc2 61. Na2 a3 62. Kxh4 Kb2 63. Nb4 Kb3 64. Nd3 Kc3 65. Nc1
Kb2 66. Nd3+ Kc2 67. Nb4+ Kc3 68. Na2+ Kb3 69. Nc1+ Kb2 70. Nd3+ Kb1 71. Nb4
Kb2 72. Kg3 Kc3 73. Na2+ Kb3 74. Nc1+ Kb2 1/2-1/2

[Event "2015 British Chess Championships: Championship"]
[Site "University of Warwick, Coventry, Warwickshire"]
[Date "2015.08.04"]
[Round "8"]
[Board "8"]
[White "Scott, Gordon W"]
[Black "Jackson, James P"]
[Result "0-1"]
[WhiteElo "2101"]
[BlackElo "2343"]
[PlyCount "278"]
[EventDate "2015.07.27"]
[EventRounds "11"]
[EventCountry "ENG"]

1. d4 Nf6 2. c4 c5 3. d5 e6 4. Nc3 exd5 5. cxd5 d6 6. Nf3 g6 7. Bf4 a6 8. a4
Bg7 9. h3 O-O 10. e3 Re8 11. Nd2 Nbd7 12. Be2 Ne5 13. O-O Nfd7 14. Qc2 f5 15.
Bh2 b6 16. b3 Qf6 17. Rfc1 Bb7 18. Nc4 Qe7 19. Rab1 Rac8 20. Re1 Rf8 21. Bf1
Rce8 22. Qd2 h5 23. Ne2 g5 24. Nxe5 Nxe5 25. f4 Ng6 26. fxg5 Qxe3+ 27. Qxe3
Rxe3 28. Nf4 Rxe1 29. Rxe1 Bd4+ 30. Kh1 Nxf4 31. Bxf4 Bxd5 32. Bxd6 Rd8 33. Bc7
Rd7 34. Bxb6 Bxb3 35. Bxa6 Bxa4 36. Bc8 Rd6 37. Bc7 Rc6 38. Bd7 Rxc7 39. Bxa4
h4 40. Rf1 Ra7 41. Bb5 Kg7 42. Rxf5 Ra5 43. Be2 Ra2 44. Bb5 Rb2 45. Ba6 Rd2 46.
Rf3 Bf2 47. g3 Bxg3 48. Rc3 Bf2 49. Bd3 Bd4 50. Rb3 Rd1+ 51. Kg2 Rg1+ 52. Kf3
Rxg5 53. Bc4 Re5 54. Kf4 Re1 55. Kg5 Rc1 56. Rb7+ Kf8 57. Be6 c4 58. Kxh4 c3
59. Bf5 Rg1 60. Be4 Bf6+ 61. Kh5 Rg5+ 62. Kh6 Rg3 63. Bf5 Be5 64. Rb4 Ke7 65.
Rc4 Kf6 66. Bg4 Rg2 67. Rc6+ Kf7 68. Bd1 Bd4 69. Bb3+ Ke7 70. Rc4 Bf6 71. Rc6
Bg7+ 72. Kh5 Bd4 73. Rc4 Bf6 74. Rc6 Rb2 75. Bd1 Be5 76. Kg4 Rf2 77. Bb3 Kd7
78. Rc5 Bh8 79. Kg3 Rb2 80. Bd1 Kd6 81. Rc8 Bd4 82. Kf3 Bc5 83. Rd8+ Ke7 84.
Rc8 c2 85. Bxc2 Rxc2 86. Ke4 Kd7 87. Kd3 Rc1 88. Rh8 Be7 89. Rh6 Rf1 90. Ke4
Bf6 91. Rh7+ Ke6 92. Ra7 Be7 93. Ra6+ Bd6 94. Ra5 Rf4+ 95. Ke3 Rb4 96. Rh5 Be5
97. h4 Kd5 98. Rf5 Rb3+ 99. Kd2 Ke4 100. Rf8 Rb2+ 101. Ke1 Bd4 102. h5 Rh2 103.
h6 Rxh6 104. Ra8 Rh1+ 105. Ke2 Rh2+ 106. Kf1 Rf2+ 107. Ke1 Rc2 108. Kf1 Be3
109. Re8+ Kf3 110. Rf8+ Bf4 111. Re8 Bd6 112. Ke1 Bf4 113. Kf1 Rb2 114. Re7 Rh2
115. Rg7 Rf2+ 116. Ke1 Rc2 117. Rd7 Be3 118. Rf7+ Bf4 119. Rd7 Bg5 120. Rd3+
Ke4 121. Ra3 Be3 122. Ra8 Rg2 123. Re8+ Kd3 124. Rd8+ Bd4 125. Rf8 Bb6 126. Rf7
Rg6 127. Rf8 Rc6 128. Kf1 Rg6 129. Ke1 Rh6 130. Kf1 Rh2 131. Ke1 Be3 132. Rd8+
Ke4 133. Re8+ Kf3 134. Rf8+ Bf4 135. Kd1 Rd2+ 136. Ke1 Rd5 137. Rf7 Rd8 138.
Rf5 Rh8 139. Kd1 Rc8 0-1

[Event "2015 British Chess Championships: Championship"]
[Site "University of Warwick, Coventry, Warwickshire"]
[Date "2015.08.04"]
[Round "8"]
[Board "9"]
[White "Hill, Alistair"]
[Black "Burrows, Martin P"]
[Result "1-0"]
[WhiteElo "2159"]
[BlackElo "2148"]
[PlyCount "71"]
[EventDate "2015.07.27"]
[EventRounds "11"]
[EventCountry "ENG"]

1. d4 Nf6 2. c4 e6 3. Nf3 b6 4. g3 Ba6 5. Qa4 Bb7 6. Bg2 c5 7. dxc5 Bxc5 8. O-O
O-O 9. Nc3 Be7 10. Bf4 a6 11. Rfd1 d6 12. Qa3 Ne8 13. b3 Nd7 14. Rac1 Qc7 15.
Qb2 Rc8 16. e4 Qb8 17. Qe2 Qa8 18. Ne1 Nc5 19. Nd3 Nf6 20. Nxc5 dxc5 21. Bd6
Bxd6 22. Rxd6 Ne8 23. Rd3 Bc6 24. Rcd1 Nf6 25. f4 h5 26. e5 Ng4 27. Bxc6 Rxc6
28. h3 Nh6 29. Qxh5 b5 30. g4 bxc4 31. bxc4 Rb6 32. R1d2 Rb4 33. f5 Rxc4 34. f6
Kh7 35. g5 Rg8 36. fxg7 1-0

[Event "2015 British Chess Championships: Championship"]
[Site "University of Warwick, Coventry, Warwickshire"]
[Date "2015.08.04"]
[Round "8"]
[Board "10"]
[White "Cooper, John G"]
[Black "Hegarty, Sarah N"]
[Result "1/2-1/2"]
[WhiteElo "2313"]
[BlackElo "2075"]
[PlyCount "81"]
[EventDate "2015.07.27"]
[EventRounds "11"]
[EventCountry "ENG"]

1. Nf3 d5 2. g3 Nf6 3. Bg2 g6 4. c4 dxc4 5. Na3 Be6 6. O-O c5 7. Ne5 Bd5 8.
Qa4+ Nbd7 9. e4 Be6 10. Naxc4 Bg7 11. Nd3 a6 12. Ne3 b5 13. Qc2 Rc8 14. Nf4 Qb6
15. d4 Nf8 16. d5 Bd7 17. e5 Ng8 18. e6 fxe6 19. dxe6 Nxe6 20. Ned5 Nd4 21.
Nxb6 Nxc2 22. Rb1 Rb8 23. Nxd7 Kxd7 24. Bh3+ Kc6 25. Ne6 Be5 26. Bg2+ Kb6 27.
Ng5 Nh6 28. Nf3 Bg7 29. Bf4 Rbd8 30. Rbc1 Nb4 31. Rfe1 Nf5 32. Re6+ Nd6 33. Ne5
Bxe5 34. Bxe5 Nd3 35. Rc3 Nxe5 36. Rxe5 Nc4 37. Rxe7 Rd1+ 38. Bf1 Nd2 39. Rd3
Rxf1+ 40. Kg2 Rd1 41. Red7 1/2-1/2

[Event "2015 British Chess Championships: Championship"]
[Site "University of Warwick, Coventry, Warwickshire"]
[Date "2015.08.04"]
[Round "8"]
[Board "11"]
[White "Lewis, Andrew P"]
[Black "Asenov, Pavel"]
[Result "1-0"]
[WhiteElo "2295"]
[BlackElo "2081"]
[PlyCount "81"]
[EventDate "2015.07.27"]
[EventRounds "11"]
[EventCountry "ENG"]

1. Nf3 Nf6 2. c4 g6 3. Nc3 Bg7 4. e4 d6 5. d4 O-O 6. Be2 e5 7. Be3 Ng4 8. Bg5
f6 9. Bh4 Nc6 10. d5 Ne7 11. Nd2 Nh6 12. b4 g5 13. Bg3 f5 14. exf5 Nhxf5 15.
Nde4 Ng6 16. O-O Nf4 17. Bg4 a5 18. b5 b6 19. Rc1 h6 20. Re1 Bd7 21. Kh1 Qc8
22. h3 Rf7 23. Bh2 Nd4 24. Ng3 Qd8 25. Nce4 Qe7 26. Rc3 Raf8 27. Bg1 Bh8 28.
Bxd7 Qxd7 29. Qg4 Qe7 30. Bh2 Rh7 31. Nh5 Qf7 32. Bxf4 exf4 33. Rcc1 Qg6 34.
Nd2 Nf5 35. Re6 Qf7 36. Ne4 Be5 37. Nef6+ Bxf6 38. Nxf6+ Kh8 39. Qxf5 Rg7 40.
Qe4 h5 41. Ne8 1-0

[Event "2015 British Chess Championships: Championship"]
[Site "University of Warwick, Coventry, Warwickshire"]
[Date "2015.08.04"]
[Round "8"]
[Board "12"]
[White "Rudd, Jack"]
[Black "Richards, Heather S"]
[Result "1/2-1/2"]
[WhiteElo "2247"]
[BlackElo "2141"]
[PlyCount "98"]
[EventDate "2015.07.27"]
[EventRounds "11"]
[EventCountry "ENG"]

1. d4 d6 2. f3 Nf6 3. e4 Nbd7 4. c4 e5 5. Ne2 c5 6. d5 a6 7. Nbc3 Be7 8. Be3
Qa5 9. a4 Nf8 10. g3 h5 11. h4 Bd7 12. Nc1 N6h7 13. f4 exf4 14. gxf4 Ng6 15.
Nd3 Nf6 16. Bd2 Bg4 17. Be2 Qc7 18. f5 Nf8 19. Nf2 Bxe2 20. Qxe2 N6d7 21. Nd3
Bf6 22. Bf4 O-O-O 23. O-O Re8 24. Rac1 Bd4+ 25. Kg2 g6 26. f6 Nh7 27. b4 Nhxf6
28. bxc5 Nxc5 29. Nxc5 Qxc5 30. Nb5 Nxe4 31. Nxd4 Qxd4 32. Qf3 Nd2 33. Qh3+ f5
34. Rf2 Ne4 35. Rfc2 Kd7 36. c5 Qxd5 37. Qf3 Nf6 38. cxd6 Qxf3+ 39. Kxf3 Nd5
40. Rd1 Nxf4 41. Rc7+ Ke6 42. Kxf4 Kf6 43. Rxb7 Re4+ 44. Kg3 Rxa4 45. d7 Rd8
46. Rb6+ Kf7 47. Rdd6 Rg4+ 48. Kf3 a5 49. Rbc6 a4 1/2-1/2